000 00703nam a22002177a 4500
003 UA-OsUOA
001 80600
007 ta
008 20111219b un ||||| |||| 00| 0 ukr d
100 _aГрабовський С.
090 _a94(477)
_bГ75
942 _cSA
040 _aUA-OsUOA
_bukr
_cUA-OsUOA
_dUA-OsUOA
245 _aІ особисто дорогий Леонід Ілліч... Брежнєвська доба: формування аморальних настанов"сильних світу цього"
300 _aС.11
955 _a0
041 _aukr
080 _a94(477)
773 0 _w80599
650 7 _a9 Географія. Біографії. Історія
_2UDC
999 _c366910
_d366910